000 01141nam a2200253Ia 4500
003 OSt
005 20220923211103.0
006 a|||||r|||| 00| 0
007 ta
008 220922b |||||||| |||| 00| 0 hin d
020 _a8179170217 (hbk)
_c400
024 _a245,286
037 _b379, 11/02/2011, Swaraj Prakashan
_cTextual
040 _aARTS
_cARTS
_bhin
041 _2hin
_ahin
082 _aY:1.2.N5, 152P3
100 _aपणिक्कर, के. एन.; आदित्यनारायण सिंह, अनु.
_9158045
245 0 _aऔपनिवेशिक भारत में सांस्कृतिक और विचारधारात्मक संघर्ष
246 _aAupaniveshik bhārat mean sāanskṛutik aur vichāradhārātmak sangharṣha
260 _aनई दिल्ली
_b ग्रंथ शिल्पी
_c2003
300 _a215पृ.
_ccm.
942 _hY:1.2.N5, 152P3
_cTEXL
_2CC
999 _c295047
_d295047